000 00583nam a22001817a 4500
008 160526b xxu||||| |||| 00| 0 eng d
020 _a0-7619-9812-8
082 _22003
_aDC 658
_bH22
100 _99177
_aHari, T.N.
245 _aBack to basics in management:
_ba critique of the fabled management mantras/
_cT.N. Hari and Rupa Mahanty.
260 _aNew Delhi:
_bResponse Books,
_cc2003
300 _a207 pages;
_c21 cm.
500 _aIncludes index.
650 0 _99179
_aManagement.
650 0 _99181
_aManagement
_xPhilosophy.
700 _99178
_aMahanty, Rupa.
942 _2ddc
_cDC
999 _c2772
_d2772